| 000 | 00513nam a2200145Ia 4500 | ||
|---|---|---|---|
| 008 | 170221s9999 xx 000 0 und d | ||
| 100 | _aA.I. Guseva | ||
| 245 | 4 | _aThe Formation of User Model in Scientifi c Recommender Systems | |
| 245 | _cA.I. Guseva, V.S. Kireev, P.V. Bochkarev, D.S. Smirnov, S.A. Filippov | ||
| 260 | _bInternational Review of Management and Marketing | ||
| 260 | _c2016 | ||
| 300 | _a15 : 6 | ||
| 650 | _xMarketing. | ||
| 856 | _uhttp://www.econjournals.com/index.php/irmm/issue/view/86 | ||
| 999 |
_c312332 _d312332 |
||